000 00278nam a2200109Ia 4500
005 20251222152014.0
008 251222s9999||||xx |||||||||||||| ||spa||
082 _a634.651/F81
100 _a"Franciosi Tijero, Rafael"
245 0 _aEl cultivo del papayo en el PerĂº
942 _cLIB
999 _c25029
_d25029